Improving nursery departments / (Record no. 7417)

MARC details
000 -LEADER
fixed length control field 00760nam a2200241Ia 4500
001 - CONTROL NUMBER
control field 34276
003 - CONTROL NUMBER IDENTIFIER
control field GBCCL
005 - DATE AND TIME OF LATEST TRANSACTION
control field 20241126110627.0
008 - FIXED-LENGTH DATA ELEMENTS--GENERAL INFORMATION
fixed length control field 860509s1959 tnuade 000 0 eng d
035 ## - SYSTEM CONTROL NUMBER
System control number (OCoLC)13552189
040 ## - CATALOGING SOURCE
Original cataloging agency NCA
Transcribing agency NCA
049 ## -
-- LBBK
082 ## - DEWEY DECIMAL CLASSIFICATION NUMBER
Classification number 268.6
Item number DIL
092 ## - LOCALLY ASSIGNED DEWEY CALL NUMBER (OCLC)
Classification number 268.512
Item number D578
100 1# - MAIN ENTRY--PERSONAL NAME
Personal name Dillard, Polly Hargis,
Dates associated with a name 1916-
9 (RLIN) 13116
245 10 - TITLE STATEMENT
Title Improving nursery departments /
Statement of responsibility, etc. Polly Hargis Dillard.
260 ## - PUBLICATION, DISTRIBUTION, ETC.
Place of publication, distribution, etc. Nashville :
Name of publisher, distributor, etc. Convention Press,
Date of publication, distribution, etc. 1959.
300 ## - PHYSICAL DESCRIPTION
Extent [xiv], 143 p. :
Other physical details ill., charts, floor plans ;
Dimensions 25 cm.
440 #0 - SERIES STATEMENT/ADDED ENTRY--TITLE
Title Church study course for teaching and training
9 (RLIN) 13117
650 #0 - SUBJECT ADDED ENTRY--TOPICAL TERM
Topical term or geographic name entry element Religious education of preschool children.
9 (RLIN) 13118
650 #0 - SUBJECT ADDED ENTRY--TOPICAL TERM
Topical term or geographic name entry element Education, Preschool.
9 (RLIN) 13119
942 ## - ADDED ENTRY ELEMENTS (KOHA)
Source of classification or shelving scheme Dewey Decimal Classification
Koha item type Books
Koha issues (borrowed), all copies 1
Holdings
Withdrawn status Lost status Source of classification or shelving scheme Damaged status Not for loan Home library Current Library Shelving location Date acquired Total checkouts Full call number Barcode Date last seen Date last checked out Copy number Price effective from Koha item type
    Dewey Decimal Classification     GRACE BIBLE COLLEGE GRACE BIBLE COLLEGE Ministry & Mission 2018-08-06 2 268.6 DIL 002510 2025-05-01 2025-03-03 c.1 2018-08-06 Books
    Dewey Decimal Classification     GRACE BIBLE COLLEGE GRACE BIBLE COLLEGE Ministry & Mission 2018-08-28   268.6 DIL 002887 2025-05-01   c.2 2018-08-28 Books
© Grace Bible College Library 2025